Cuadernos de anl̀isis y crt̕ica a la jurisprudencia constitucional

Detalles Bibliográficos
Formato: eBook
Lenguaje:español
Publicado: Lima: Palestra Editores, 2007 -
Materias:
Acceso en línea:Acceso restringido

MARC

LEADER 00000nam a22000007a 4500
005 20191025223054.0
007 cr|||| ||||
008 191025c20079999pe mr|w s|||| 0|||b1spa d
022 |a 2519-7630 
035 |a 24074 
040 |a vLex 
090 |c 9974  |d 9974 
245 0 0 |a Cuadernos de anl̀isis y crt̕ica a la jurisprudencia constitucional  |h [Recurso electrn̤ico] / 
256 |a Servicio en ln̕ea 
260 |a Lima:  |b Palestra Editores,  |c 2007 - 
300 |a 1 recurso electrn̤ico 
310 |a Mensual 
362 |a Nð 1 (Mar. 2007) - 
506 1 |a Disponible solo en los productos indicados  |d vLex Global  |d vLex Global (Academic Edition, excluding Law Schools)  |d vLex Global (U.S. Academic Edition, Law Schools)  |d vLex Global (U.S. Academic Edition, excluding Law Schools)  |d vLex Global (Academic Edition, Law Schools) 
650 0 4 |a Derecho Constitucional  |z Per︢ 
740 0 |a vLex Revistas (Servicio en ln̕ea) 
856 4 0 |u http://vlex.com/source/cuadernos-analisis-critica-jurisprudencia-constitucional-24074  |z Acceso restringido 
942 |c REV 
999 0 |a Constitutional right